000 01992cas a2200505 a 4500
001 11425351
003 OSt
005 20120106152608.0
008 801002c19799999enkuu w 0 a0eng c
010 _a 93660986
_zsn 88012670
022 _a0144-3321
035 _a(OCoLC)ocm06780592
040 _aTxU-L
_cTxU-L
_dNIC
_dNST
_dDLC
_dMH
_dOCoLC
042 _apcc
043 _ae-uk---
050 0 0 _aKD8406
_b.A514
082 0 0 _a345.41/CRI
_a344.1050264
_220
110 1 _aGreat Britain.
_bCourt of Appeal.
_95780
245 1 4 _aThe criminal appeal reports. 1956 Vol.39
_pSentencing.
246 3 0 _aSentencing
246 3 _aCrAppR(s)
246 1 _iAt head of title <1989-1991>:
_aLaw reports
260 _aLondon :
_bSweet & Maxwell,
_c1956-
265 _aSubscription Dept., North Way, Andover, Eng.
300 _av. ;
_c25 cm.
362 0 _a1979, pt. 1-
500 _aTitle from cover.
515 _aIssued in parts.
515 _aIssues designated 12 CrAppR(S) cover 1990-1991.
515 _aIssues for 1979-<1991> cited as 1 CrAppR(S)-<12 CrAppR(S)>
580 _aCompanion publication to: Criminal appeal reports.
590 _aSERBIB/SERLOC merged record
650 0 _aSentences (Criminal procedure)
_zGreat Britain
_vCases.
_95781
650 0 _aCriminal law
_zGreat Britain
_vCases.
_95782
787 1 _tCriminal appeal reports
_w(DLC) 76642353
_w(OCoLC)2617568
906 _a7
_bcbc
_cserials
_du
_encip
_f19
_gn-oclcserc
936 _a1991, pt. 5 LIC
942 _2ddc
_cLRT
999 _c4802
_d4802